Issues in the concepts and forms of contracts / (Record no. 1570)

MARC details
000 -LEADER
fixed length control field 01679cam a2200409 a 4500
001 - CONTROL NUMBER
control field data
005 - DATE AND TIME OF LATEST TRANSACTION
control field 20260322212107.0
008 - FIXED-LENGTH DATA ELEMENTS--GENERAL INFORMATION
fixed length control field data
035 ## - SYSTEM CONTROL NUMBER
System control number 3990210
010 ## - LIBRARY OF CONGRESS CONTROL NUMBER
LC control number 95195980
035 ## - SYSTEM CONTROL NUMBER
-- (DLC) 95195980
040 ## - CATALOGING SOURCE
Original cataloging agency DLC
Transcribing agency DLC
Modifying agency DLC
050 00 - LIBRARY OF CONGRESS CALL NUMBER
Classification number K840.A3
Item number I85 1992
245 00 - TITLE STATEMENT
Title Issues in the concepts and forms of contracts /
Statement of responsibility, etc. authors, Yujiro Hayami ... [et al.].
246 1# - VARYING FORM OF TITLE
Display text Title of project no. 2 from cover:
Title proper/short title International comparisons in the concepts and forms of contracts
260 ## - PUBLICATION, DISTRIBUTION, ETC.
Place of publication, distribution, etc. [Tokyo] :
Name of publisher, distributor, etc. Research Institute of Aoyama Gakuin University, Center for International Studies,
Date of publication, distribution, etc. [1992]
300 ## - PHYSICAL DESCRIPTION
Extent 1 v. (various pagings) :
Other physical details ill., map ;
Dimensions 26 cm.
336 ## - CONTENT TYPE
Content type term text
Content type code txt
Source rdacontent
337 ## - MEDIA TYPE
Media type term unmediated
Media type code n
Source rdamedia
338 ## - CARRIER TYPE
Carrier type term volume
Carrier type code nc
Source rdacarrier
490 1# - SERIES STATEMENT
Series statement Research monograph series in international studies,
International Standard Serial Number 0917-6705 ;
Volume/sequential designation project no. 2, report no. 2
500 ## - GENERAL NOTE
General note "April 1992"--Cover.
500 ## - GENERAL NOTE
General note "Project period: 1989. 4. 1-1992. 3. 31."
504 ## - BIBLIOGRAPHY, ETC. NOTE
Bibliography, etc. note Includes bibliographical references.
650 #0 - SUBJECT ADDED ENTRY--TOPICAL TERM
Topical term or geographic name entry element Contracts.
650 #0 - SUBJECT ADDED ENTRY--TOPICAL TERM
Topical term or geographic name entry element Consensual contracts.
650 #0 - SUBJECT ADDED ENTRY--TOPICAL TERM
Topical term or geographic name entry element Social contract.
650 #0 - SUBJECT ADDED ENTRY--TOPICAL TERM
Topical term or geographic name entry element Agricultural contracts.
650 #0 - SUBJECT ADDED ENTRY--TOPICAL TERM
Topical term or geographic name entry element Contracts
General subdivision Economic aspects.
700 1# - ADDED ENTRY--PERSONAL NAME
Personal name Hayami, Yūjirō,
Dates associated with a name 1932-2012.
830 #0 - SERIES ADDED ENTRY--UNIFORM TITLE
Uniform title Aoyama Gakuin Daigaku Sōgō Kenkyūjo Kokusai Seiji Keizai Kenkyū Sentā kenkyū sōsho ;
Volume/sequential designation dai 2-gō, dai 2-bunsatsu.
906 ## - LOCAL DATA ELEMENT F, LDF (RLIN)
a 7
b cbc
c orignew
d 3
e ncip
f 19
g y-gencatlg
922 ## -
-- ax
991 ## -
-- c-LL
-- K840.A3
-- I85 1992
-- Copy 1
-- BOOKS
Holdings
Withdrawn status Lost status Damaged status Not for loan Home library Current library Shelving location Date acquired Total checkouts Full call number Barcode Date last seen Price effective from Koha item type
        Liberty Liberty General stacks 22/03/2026   K840.A3 LOC-LPL-00033 22/03/2026 22/03/2026 Books